La representation du monde chez l'enfant
Αποθηκεύτηκε σε:
| Κύριος συγγραφέας: | |
|---|---|
| Μορφή: | Βιβλίο |
| Γλώσσα: | French |
| Δημοσίευση: |
[Paris] :
Quadrige / PUF,
[2005]
|
| Σειρά: | Quadrige (Presses universitaires de France). Grands textes
|
| Θέματα: | |
| Ετικέτες: |
Προσθήκη ετικέτας
Δεν υπάρχουν, Καταχωρήστε ετικέτα πρώτοι!
|
MARC
| LEADER | 00000nam a2200000 i 4500 | ||
|---|---|---|---|
| 001 | 1/87477 | ||
| 008 | 080602s2005 fre d | ||
| 020 | |a 2-13-053978-5 | ||
| 035 | |l 10097884 | ||
| 040 | |a GR-MY-UA |b gre |e aacr | ||
| 041 | 0 | |a fre | |
| 082 | 0 | |a 155.413 | |
| 100 | 1 | |a Piaget, Jean |d 1896-1980. | |
| 245 | 1 | 3 | |a La representation du monde chez l'enfant / |c Jean Piaget |
| 260 | |a [Paris] : |b Quadrige / PUF, |c [2005] | ||
| 300 | |a 335 σ. | ||
| 490 | 1 | |a Quadrige (Presses universitaires de France). Grands textes | |
| 500 | |a "Avec le concours de onze collaborateurs" | ||
| 504 | |a Περιλαμβάνει βιβλιογραφίες και ευρετήριο | ||
| 650 | 0 | 0 | |a Psychology. |
| 650 | 0 | 0 | |a Child psychology. |
| 650 | 0 | 0 | |a Imagery (Psychology) in children |x Congresses. |
| 650 | 0 | 0 | |a Drawing ability in children |x Congresses. |
| 650 | 0 | 0 | |a Earth in art |x Congresses. |
| 830 | 0 | |a Quadrige (Presses universitaires de France). Grands textes | |
| 852 | |a INST |b RHODES |e 20080602 |h 155.413 PIA |p 005400029045 |q 005400029045 |t BK |y 0 | ||
| 901 | |a BIBL4-2008-02 | ||
| 909 | |a Ρ |b 152619 | ||
| 922 | |a 4ΕΛΗ |b 200803 |c ΕΠΕΑΕΚ2/ΤΕΠΑΕΣ |d ΕΛΕΥΘΕΡΟΥΔΑΚΗΣ | ||
| 970 | |a ΧΑΡΙΟΠΟΛΙΤΟΥ |b ΚΩΝΣΤΑΝΤΙΝΑ |z 2008/06/02 | ||